000 01081 a2200253 4500
001 59501
005 20260407155849.0
008 260407a1973 arg spa d
003 AR-UNSa-BCEJYS
040 _aAR-UNSa-BCEJYS
_bspa
_cAR-UNSa-BCEJYS
080 _a330.342.14
_xEconomía capitalista
245 1 0 _aAcumulación y centralización del capital en la industria argentina
264 1 _aBuenos Aires :
_bTiempo Contemporáneo
_c1973
300 _a191 p.
_c20 cm.
505 _a1. El marco general - 2. Desarrollismo y radicación de capital extranjero - 3. Generación de la plusvalía - 4. Distribución de la plusvalía - 5. Acumulación de plusvalía y centralización del capital - 6. Efectos sobre la clase obrera - 7. Transferencia de plusvalía al exterior - 8. Dependencia y limitaciones a la acumulación interna -
041 _aspa
942 _cBK
590 _aniveau_biblio:m niveau_hierar:0
100 1 _aCimillo, Elsa
700 1 _aLifschitz, Edgardo
700 1 _aGastiazoro, Eugenio
700 1 _aCiafardini, Horacio
700 1 _aTurkieh, Mauricio
999 _c6707
_d6707